Psychology and education of the gifted (Record no. 1374749)

MARC details
000 -LEADER
fixed length control field 00582nam a2200205Ia 4500
005 - DATE AND TIME OF LATEST TRANSACTION
control field 20250508162149.0
008 - FIXED-LENGTH DATA ELEMENTS--GENERAL INFORMATION
fixed length control field 008 250505s9999 xx 000 0 eng d
037 ## - SOURCE OF ACQUISITION
Stock number Textual
040 ## - CATALOGING SOURCE
Original cataloging agency FEDL
Language of cataloging eng
Transcribing agency FEDL
041 ## - LANGUAGE CODE
Language code of text/sound track or separate title eng
Source of code eng
084 ## - COLON CLASSIFICATION NUMBER
Classification number 371.95, BAR
Assigning agency FEDL
100 ## - MAIN ENTRY--PERSONAL NAME
Personal name Barbe Walter B Ed.
245 #0 - TITLE STATEMENT
Title Psychology and education of the gifted
250 ## - EDITION STATEMENT
Edition statement 2
260 ## - PUBLICATION, DISTRIBUTION, ETC.
Place of publication, distribution, etc. New York, USA
Name of publisher, distributor, etc. Irvington Publishers, Inc
Date of publication, distribution, etc. 1965
300 ## - PHYSICAL DESCRIPTION
Extent xii,481p
700 ## - ADDED ENTRY--PERSONAL NAME
Personal name Renzulli Joseph S Ed.
9 (RLIN) 772473
942 ## - ADDED ENTRY ELEMENTS (KOHA)
Koha item type Textual
Classification part 371.95, BAR
Holdings
Withdrawn status Lost status Damaged status Not for loan Home library Current library Date acquired Total Checkouts Full call number Barcode Date last seen Price effective from Koha item type
        Department of Education Library Department of Education Library 2025-05-08   371.95, BAR EL0064856 2025-05-08 2025-05-08 Textual
Copyright @ Delhi University Library System